<?xml version="1.0" encoding="UTF-8"?>
<record
    xmlns:xsi="http://www.w3.org/2001/XMLSchema-instance"
    xsi:schemaLocation="http://www.loc.gov/MARC21/slim http://www.loc.gov/standards/marcxml/schema/MARC21slim.xsd"
    xmlns="http://www.loc.gov/MARC21/slim">

  <leader>01965njm a2200325Ia 4500</leader>
  <controlfield tag="001">G7156</controlfield>
  <controlfield tag="003">IT-RoPAU</controlfield>
  <controlfield tag="005">20220918181200.0</controlfield>
  <controlfield tag="008">131025s9999    xx            000 0 und d</controlfield>
  <datafield tag="040" ind1=" " ind2=" ">
    <subfield code="a">IT-RoPAU</subfield>
  </datafield>
  <datafield tag="040" ind1=" " ind2=" ">
    <subfield code="c">IT-RoPAU</subfield>
  </datafield>
  <datafield tag="041" ind1=" " ind2=" ">
    <subfield code="a">SPAGNOLO</subfield>
  </datafield>
  <datafield tag="999" ind1=" " ind2=" ">
    <subfield code="c">102924</subfield>
    <subfield code="d">102924</subfield>
  </datafield>
  <datafield tag="999" ind1=" " ind2=" ">
    <subfield code="b">n.d.</subfield>
  </datafield>
  <datafield tag="100" ind1=" " ind2=" ">
    <subfield code="a">Linares Carmen</subfield>
    <subfield code="9">33038</subfield>
  </datafield>
  <datafield tag="100" ind1=" " ind2=" ">
    <subfield code="e">Autore musica</subfield>
    <subfield code="9">33039</subfield>
  </datafield>
  <datafield tag="100" ind1=" " ind2=" ">
    <subfield code="g">Codice autore musica SPICS: 55554</subfield>
    <subfield code="9">33040</subfield>
  </datafield>
  <datafield tag="245" ind1=" " ind2=" ">
    <subfield code="a">Carmen Linares en antologia</subfield>
  </datafield>
  <datafield tag="250" ind1=" " ind2=" ">
    <subfield code="a">1a ed.</subfield>
  </datafield>
  <datafield tag="260" ind1=" " ind2=" ">
    <subfield code="a">MADRID</subfield>
  </datafield>
  <datafield tag="260" ind1=" " ind2=" ">
    <subfield code="b">POLYGRAM IBERICA</subfield>
    <subfield code="c">1996 [1a Ed.:0]</subfield>
  </datafield>
  <datafield tag="300" ind1=" " ind2=" ">
    <subfield code="a">COMPACT DISC</subfield>
  </datafield>
  <datafield tag="300" ind1=" " ind2=" ">
    <subfield code="c">131 minuti (Testo: 16 pag.)</subfield>
  </datafield>
  <datafield tag="500" ind1=" " ind2=" ">
    <subfield code="a">Musica strumentale, flamenco. Antologia di Carmen Linares. Libretto con note sulla grande artista; testo di 27 canzoni contenute in due cd.</subfield>
  </datafield>
  <datafield tag="505" ind1=" " ind2=" ">
    <subfield code="a">Toma este punal dorao (4:54) - Y dos suspiros al aire (5:53) - Banderas republicanas (4:39) - A la Virgen de la Bella (4:04) - Un minero va cantando (3:46) - Cambiaste de parecer (5:56) - Tan afortun&#xE0; yo soy (5:24) - Escribeme alguna vez (6:35) - La tana y la Juana (6:31) - Quisiera yo renegar (4:36) - Para qu&#xE8; quiere vivir (1:54) - La luz de entendimiento (6:34) - !Vivan los toreros! (5:34) - Lazos de seda (6:03) - Al conocimiento vino (6:30) - Muchachas del Molinete (3:33) - En el corazon te llevo (3'01) - De color de rosa (6:17) - La horita lleg&#xF2; (4:52) -  Si pasas por el molino (5:49) - Que andan hablando (5:57) - Yo te abr&#xEC; mi corazon (5:14) - Dios les bendice (5:04) - En las manos de un platero (3:40) - Despierta divina aurora (3:34) - Honra de los macarenos (4:58) - Yo nacia en argel (6:04).</subfield>
  </datafield>
  <datafield tag="511" ind1=" " ind2=" ">
    <subfield code="a">Vicente Amigo, Tomatito, Manuel Soler, Javier Baron</subfield>
  </datafield>
  <datafield tag="650" ind1=" " ind2=" ">
    <subfield code="a">FLAMENCO [COMPACT DISC]</subfield>
    <subfield code="e">Codice MATERIA SPICS: 9949</subfield>
    <subfield code="9">33041</subfield>
  </datafield>
  <datafield tag="700" ind1=" " ind2=" ">
    <subfield code="a">Alvarez Caballero Angel</subfield>
    <subfield code="e">Autore testo e musica</subfield>
    <subfield code="g">Codice autore testo/musica SPICS: 55555</subfield>
    <subfield code="9">33042</subfield>
  </datafield>
  <datafield tag="700" ind1=" " ind2=" ">
    <subfield code="a">Linares Carmen</subfield>
    <subfield code="g">Codice interprete SPICS: 55554</subfield>
    <subfield code="e">Interprete</subfield>
    <subfield code="9">33043</subfield>
  </datafield>
  <datafield tag="942" ind1=" " ind2=" ">
    <subfield code="c">CD</subfield>
    <subfield code="2">ddc</subfield>
  </datafield>
  <datafield tag="952" ind1=" " ind2=" ">
    <subfield code="0">0</subfield>
    <subfield code="1">0</subfield>
    <subfield code="4">0</subfield>
    <subfield code="6">G_7156_000000000000000</subfield>
    <subfield code="7">1</subfield>
    <subfield code="a">SPICS</subfield>
    <subfield code="b">SPICS</subfield>
    <subfield code="d">2013-10-25</subfield>
    <subfield code="l">0</subfield>
    <subfield code="o">G7156</subfield>
    <subfield code="r">2013-10-25 00:00:00</subfield>
    <subfield code="w">2013-10-25</subfield>
    <subfield code="y">CD</subfield>
    <subfield code="z">Progr. Ins.: 22900 / N.Vol.: 2 / Copie: 1 - Copia rara: n.d. / date import: 01.01.2014 - By Epidotti, Trombetti, Vaglietti</subfield>
  </datafield>
</record>
